000
00273nam a22001217a 4500
008
171213b xxu||||| |||| 00| 0 eng d
041
_a
eng
080
_2
8 ED
_a
616.8
100
_a
7
101
_a
NEU
245
_a
PRINCIPLES OF NEUROLOGY
_c
ROPPER.A.H
942
_2
udc
_c
BK
999
_c
38875
_d
38875